00517nam a2200169 a 45000010005000000030009000050080041000140200015000550400028000700820015000981000037001132450043001502600044001933000021002376500039002586500050002977743CO-ViMGA141112s2004 ck r 000 u spa d a9500105845 aCO-ViMGAbspacCO-ViMGA04a372.7 B47m1 aBisbal de Labato, Maria Cristina10aMatematica : bcuaderno de actividades aBuenos Aires, cÁngel Estrada, c1996 a217 p, il, 26 cm14aaritmética - estudio y ensenanza14aMatematicas elementales - estudio y ensenanza